Pascal: The Software Fundamentals of Computer Science / (Record no. 161624)

MARC details
000 -LEADER
fixed length control field 00639nam a2200217 a 4500
008 - FIXED-LENGTH DATA ELEMENTS--GENERAL INFORMATION
fixed length control field
020 ## - INTERNATIONAL STANDARD BOOK NUMBER
International Standard Book Number 013725623x (pbk.)
090 ## - LOCALLY ASSIGNED LC-TYPE CALL NUMBER (OCLC); LOCAL CALL NUMBER (RLIN)
Classification number (OCLC) (R) ; Classification number, CALL (RLIN) (NR) QA767.73
003 - CONTROL NUMBER IDENTIFIER
control field
005 - DATE AND TIME OF LATEST TRANSACTION
control field 20230123134206.0
040 ## - CATALOGING SOURCE
Transcribing agency NUST
049 ## - LOCAL HOLDINGS (OCLC)
Holding library MAIN
100 1# - MAIN ENTRY--PERSONAL NAME
Personal name Meyers, Richard A.
245 10 - TITLE STATEMENT
Title Pascal: The Software Fundamentals of Computer Science /
Remainder of title Richard A. Meyers
260 ## - PUBLICATION, DISTRIBUTION, ETC.
Place of publication, distribution, etc. Englewood Cliffs :
Name of publisher, distributor, etc. Prentice-Hall ;
Date of publication, distribution, etc. 1992
300 ## - PHYSICAL DESCRIPTION
Extent xxvii, 963 p.
Other physical details ill(some col.). ;
Dimensions 24 cm.
500 ## - GENERAL NOTE
General note Includes index
650 #1 - SUBJECT ADDED ENTRY--TOPICAL TERM
Topical term or geographic name entry element Computer
907 ## - LOCAL DATA ELEMENT G, LDG (RLIN)
a .b10198519
b 12-04-06
c 11-04-06
942 ## - ADDED ENTRY ELEMENTS (KOHA)
Koha item type Ordinary Loan Books
Call number prefix QA767.73
Holdings
Date last seen Total Checkouts Full call number Barcode Cost, replacement price Price effective from Koha item type Lost status Source of classification or shelving scheme Damaged status Not for loan Collection Withdrawn status Home library Current library Shelving location Date acquired Cost, normal purchase price
01/23/2023 3 QA767.73 MEY 92003012804 80.00 01/23/2023 BOOKS   LCC     NFIC   MAIN MAIN GEN 01/23/2023 80.00